Ley de navegación

সংরক্ষণ করুন:
গ্রন্থ-পঞ্জীর বিবরন
সংস্থা লেখক: Armada de Chile (Author), DIRECTEMAR (Author)
বিন্যাস: গ্রন্থ
ভাষা:স্প্যানিশ
প্রকাশিত: Valparaíso Dirección General del Territorio Marítimo y de Marina Mercante 1993
সংস্করন:2a. ed
বিষয়গুলি:
ট্যাগগুলো: ট্যাগ যুক্ত করুন
কোনো ট্যাগ নেই, প্রথমজন হিসাবে ট্যাগ করুন!

MARC

LEADER 00000nam a2200000 a 4500
001 UCY8781
003 CL-VaPUC
008 950707e19930630CL |||||||||||||||||spa|d
082 0 4 |a 343.096  |b ARM  |2 21 
110 2 |a Armada de Chile  |e author  |9 340501 
710 2 |a DIRECTEMAR  |e author  |9 340502 
245 1 0 |a Ley de navegación 
250 |a 2a. ed 
300 |a 45 p 
942 |c BK 
945 |d 19950707 00:00:00  |a awong 
260 |a Valparaíso  |b Dirección General del Territorio Marítimo y de Marina Mercante  |c 1993 
650 0 |a Navegación   |9 255384 
650 7 |a LEGISLACION  |2 CL-VaPUC  |9 340503 
650 7 |a CONTAMINACION  |2 CL-VaPUC  |9 258139 
650 7 |a REGISTROS DE NAVES  |2 CL-VaPUC  |9 339724 
651 7 |a CHILE  |2 CL-VaPUC  |9 340504 
583 |a last modification  |c 19950707 00:00:00  |k Rodrigo Vera 
999 |c 235987  |d 235985 
952 |0 0  |1 0  |4 0  |6 343_096000000000000_ARM_1993  |7 0  |8 CCM  |9 243777  |a BIBCUR  |b BIBCUR  |d 2019-11-18  |i 3093301  |o 343.096 ARM 1993  |p 3093301  |r 2025-04-22  |w 2019-11-18  |y BK  |k CIM